<?xml version="1.0" encoding="UTF-8"?>
<record
    xmlns:xsi="http://www.w3.org/2001/XMLSchema-instance"
    xsi:schemaLocation="http://www.loc.gov/MARC21/slim http://www.loc.gov/standards/marcxml/schema/MARC21slim.xsd"
    xmlns="http://www.loc.gov/MARC21/slim">

  <leader>01933nam a2200337 a 4500</leader>
  <controlfield tag="001">BRCA_9092</controlfield>
  <controlfield tag="003">FranzMayer</controlfield>
  <controlfield tag="005">20230726111601.0</controlfield>
  <controlfield tag="008">021017s1771----sp-#######---#000-0#spa-#</controlfield>
  <datafield tag="040" ind1=" " ind2=" ">
    <subfield code="a">MFM</subfield>
    <subfield code="b">esp</subfield>
    <subfield code="c">MFM</subfield>
  </datafield>
  <datafield tag="041" ind1=" " ind2=" ">
    <subfield code="a">spa</subfield>
  </datafield>
  <datafield tag="044" ind1=" " ind2=" ">
    <subfield code="a">sp</subfield>
  </datafield>
  <datafield tag="050" ind1=" " ind2="4">
    <subfield code="b">B68 1771</subfield>
  </datafield>
  <datafield tag="082" ind1=" " ind2=" ">
    <subfield code="2">BX1529</subfield>
  </datafield>
  <datafield tag="100" ind1="1" ind2=" ">
    <subfield code="a">Bossuet, Jacobo Benigno</subfield>
    <subfield code="9">21906</subfield>
  </datafield>
  <datafield tag="245" ind1="1" ind2="0">
    <subfield code="a">Defensa de la declaraci&#xF3;n de la asamblea del clero de Francia de 1682</subfield>
    <subfield code="b">a cerca de la potestad eclesi&#xE1;stica</subfield>
    <subfield code="c">por el Ilmo. Se&#xF1;or Jacobo Benigno Bossuet, Obispo de Meaux; traducida en espa&#xF1;ol por el Doctor Don Francisco Mart&#xED;nez Mol&#xE9;s; Tomo segundo.</subfield>
  </datafield>
  <datafield tag="260" ind1=" " ind2=" ">
    <subfield code="a">Madrid</subfield>
    <subfield code="b">En la Oficina de D. Antonio Mayoral</subfield>
    <subfield code="c">1771</subfield>
  </datafield>
  <datafield tag="300" ind1=" " ind2=" ">
    <subfield code="a">463 p. (t.3)</subfield>
    <subfield code="c">21 x 16 cm.</subfield>
  </datafield>
  <datafield tag="500" ind1=" " ind2=" ">
    <subfield code="a">Con Superior Permiso, y Licencia</subfield>
  </datafield>
  <datafield tag="500" ind1=" " ind2=" ">
    <subfield code="a">Estado f&#xED;sico: presenta encuadernaci&#xF3;n en pergamino</subfield>
  </datafield>
  <datafield tag="500" ind1=" " ind2=" ">
    <subfield code="a">Con dos marcas de fuego. Marca 1: Con marca de fuego: &#x201C;Procedencia de la marca: Convento de San Francisco de Quer&#xE9;taro(1). Instituci&#xF3;n: Orden de Frailes Menores. Provincia de San Pedro y San Pablo de Michoac&#xE1;n. Descripci&#xF3;n: Monograma: Letras iniciales S[an] F[rancisco] D[e] Q[uer&#xE9;tar]o. Observaciones: David Saavedra la asigna a la Academia de Dibujo de San Fernando de Quer&#xE9;taro; Carlos Krausse al Colegio de Propaganda Fide de San Fernando de M&#xE9;xico. Ubicaci&#xF3;n de la marca en el libro: Canto superior, inferior y frontal&#x201D; Marca 2: No identificada</subfield>
  </datafield>
  <datafield tag="500" ind1=" " ind2=" ">
    <subfield code="a">N&#xFA;mero de control : 00007</subfield>
  </datafield>
  <datafield tag="650" ind1="1" ind2="4">
    <subfield code="a">Revoluci&#xF3;n francesa</subfield>
    <subfield code="x">Libertad de reuni&#xF3;n</subfield>
    <subfield code="9">22468</subfield>
  </datafield>
  <datafield tag="650" ind1="1" ind2="4">
    <subfield code="a">Pol&#xED;tica</subfield>
    <subfield code="y">Obras anteriores a 1800</subfield>
    <subfield code="z">Francia</subfield>
    <subfield code="9">21801</subfield>
  </datafield>
  <datafield tag="650" ind1="1" ind2="4">
    <subfield code="a">Iglesia cat&#xF3;lica</subfield>
    <subfield code="9">15525</subfield>
  </datafield>
  <datafield tag="651" ind1=" " ind2="4">
    <subfield code="a">Francia</subfield>
    <subfield code="x">Clero</subfield>
    <subfield code="9">22469</subfield>
  </datafield>
  <datafield tag="700" ind1="1" ind2=" ">
    <subfield code="a">Mart&#xED;nez Mol&#xE9;s, Francisco</subfield>
    <subfield code="e">tr.</subfield>
    <subfield code="9">22470</subfield>
  </datafield>
  <datafield tag="856" ind1=" " ind2=" ">
    <subfield code="a">Marca de fuego 1: http://www.marcasdefuego.buap.mx:8180/xmLibris/projects/firebrand/item.jsp?repository=marcas_de_fuego&amp;key=6faee58a.xml&amp;num=15</subfield>
  </datafield>
  <datafield tag="902" ind1=" " ind2=" ">
    <subfield code="a">DCON</subfield>
  </datafield>
  <datafield tag="942" ind1=" " ind2=" ">
    <subfield code="2">lcc</subfield>
    <subfield code="c">B</subfield>
  </datafield>
  <datafield tag="999" ind1=" " ind2=" ">
    <subfield code="c">8742</subfield>
    <subfield code="d">8742</subfield>
  </datafield>
  <datafield tag="952" ind1=" " ind2=" ">
    <subfield code="0">0</subfield>
    <subfield code="1">0</subfield>
    <subfield code="2">lcc</subfield>
    <subfield code="4">0</subfield>
    <subfield code="7">0</subfield>
    <subfield code="8">CFM</subfield>
    <subfield code="a">BRCA</subfield>
    <subfield code="b">BRCA</subfield>
    <subfield code="d">2017-10-02</subfield>
    <subfield code="e">Donaci&#xF3;n</subfield>
    <subfield code="l">0</subfield>
    <subfield code="o">DCON6 B68 1771 </subfield>
    <subfield code="p">DCON00006</subfield>
    <subfield code="r">2019-03-22 00:00:00</subfield>
    <subfield code="w">2019-03-22</subfield>
    <subfield code="y">B</subfield>
  </datafield>
</record>
